Curious George and the fire-fighters / (Record no. 2010)
[ view plain ]
| 000 -LEADER | |
|---|---|
| fixed length control field | 01399pam a2200409 a 4500 |
| 001 - CONTROL NUMBER | |
| control field | 2010 |
| 003 - CONTROL NUMBER IDENTIFIER | |
| control field | FISKH |
| 005 - DATE AND TIME OF LATEST TRANSACTION | |
| control field | 20231027150402.0 |
| 008 - FIXED-LENGTH DATA ELEMENTS--GENERAL INFORMATION | |
| fixed length control field | 050927r20062004enka j 000 1 eng |
| 015 ## - NATIONAL BIBLIOGRAPHY NUMBER | |
| National bibliography number | GBA585929 |
| Source | bnb |
| 016 7# - NATIONAL BIBLIOGRAPHIC AGENCY CONTROL NUMBER | |
| Record control number | 013310664 |
| Source | Uk |
| 020 ## - INTERNATIONAL STANDARD BOOK NUMBER | |
| International Standard Book Number | 9780744570496 (pbk.) : |
| 020 ## - INTERNATIONAL STANDARD BOOK NUMBER | |
| International Standard Book Number | 0744570492 (pbk.) : |
| 040 ## - CATALOGING SOURCE | |
| Original cataloging agency | StDuBDS |
| Language of cataloging | eng |
| Transcribing agency | StDuBDS |
| Modifying agency | Uk |
| 042 ## - AUTHENTICATION CODE | |
| Authentication code | ukblsr |
| 050 ## - LIBRARY OF CONGRESS CALL NUMBER | |
| Classification number | PZ7.M335835 |
| 082 04 - DEWEY DECIMAL CLASSIFICATION NUMBER | |
| Classification number | 813.6 |
| Edition number | 22 |
| 100 ## - MAIN ENTRY--PERSONAL NAME | |
| Personal name | Rey, Margret |
| 245 00 - TITLE STATEMENT | |
| Title | Curious George and the fire-fighters / |
| Statement of responsibility, etc. | Margret & H.A. Rey's |
| 260 ## - PUBLICATION, DISTRIBUTION, ETC. | |
| Place of publication, distribution, etc. | London : |
| Name of publisher, distributor, etc. | Walker Books, |
| Date of publication, distribution, etc. | 2006. |
| 300 ## - PHYSICAL DESCRIPTION | |
| Extent | 24 pages : |
| Other physical details | color illustrations ; |
| Dimensions | 21 cm |
| 336 ## - CONTENT TYPE | |
| Content type term | text |
| Source | rdacontent |
| 337 ## - MEDIA TYPE | |
| Media type term | unmediated |
| Source | rdamedia |
| 338 ## - CARRIER TYPE | |
| Carrier type term | volume |
| Source | rdacarrier |
| 505 ## - FORMATTED CONTENTS NOTE | |
| Formatted contents note | J<br/> |
| 520 ## - SUMMARY, ETC. | |
| Summary, etc. | While on a field trip to a fire station with Mrs. Gray's class, Curious George goes off on his own and is soon at the scene of a fire, where he finds a way to be helpful. |
| 521 8# - TARGET AUDIENCE NOTE | |
| Target audience note | 490<br/> |
| Source | Lexile AD <br/> |
| 521 8# - TARGET AUDIENCE NOTE | |
| Target audience note | J<br/> |
| Source | Raz-Plus<br/> |
| 650 #0 - SUBJECT ADDED ENTRY--TOPICAL TERM | |
| Topical term or geographic name entry element | Curious George (Fictitious character) |
| Form subdivision | Juvenile fiction. |
| 650 #0 - SUBJECT ADDED ENTRY--TOPICAL TERM | |
| Topical term or geographic name entry element | Monkeys |
| Form subdivision | Juvenile fiction. |
| 650 #0 - SUBJECT ADDED ENTRY--TOPICAL TERM | |
| Topical term or geographic name entry element | Fire fighters |
| Form subdivision | Juvenile fiction. |
| 650 #0 - SUBJECT ADDED ENTRY--TOPICAL TERM | |
| Topical term or geographic name entry element | Children's stories, American. |
| 700 1# - ADDED ENTRY--PERSONAL NAME | |
| Personal name | Rey, Margret. |
| Relator term | Author |
| 700 1# - ADDED ENTRY--PERSONAL NAME | |
| Personal name | Rey, H. A. |
| Fuller form of name | (Hans Augusto), |
| Dates associated with a name | 1898-1977. |
| 700 1# - ADDED ENTRY--PERSONAL NAME | |
| Personal name | Hines, Anna Grossnickle. |
| Relator term | Author |
| 942 ## - ADDED ENTRY ELEMENTS (KOHA) | |
| Source of classification or shelving scheme | Dewey Decimal Classification |
| Koha item type | Books |
| Suppress in OPAC | No |
| Withdrawn status | Lost status | Source of classification or shelving scheme | Damaged status | Not for loan | Collection | Home library | Current library | Shelving location | Date acquired | Total Checkouts | Full call number | Barcode | Date last seen | Date last checked out | Copy number | Price effective from | Koha item type |
|---|---|---|---|---|---|---|---|---|---|---|---|---|---|---|---|---|---|
| Dewey Decimal Classification | Fiction | Footprints International School Library Network Toul Kork Campus | Footprints International School Library Network Toul Kork Campus | TK Primary Library Room(4th Floor), Bookcase 1&2, Shelves 1-16, Dark Blue Books | 10/27/2023 | 6 | REY 813.6 PZ7.M335835 | FISTK01532 | 11/27/2024 | 11/20/2024 | 1 | 10/27/2023 | Books | ||||
| Dewey Decimal Classification | Fiction | Footprints International School Library Network Toul Kork Campus | Footprints International School Library Network Toul Kork Campus | TK Primary Library Room(4th Floor), Bookcase 1&2, Shelves 1-16, Dark Blue Books | 10/27/2023 | 5 | REY 813.6 PZ7.M335835 | FISTK01535 | 02/25/2026 | 02/11/2026 | 2 | 10/27/2023 | Books |
